|
|
|
|
| LEADER |
02942nam a2200697 a 4500 |
| 001 |
nkc20132498127 |
| 003 |
CZ PrNK |
| 005 |
20251103150600.0 |
| 007 |
ta |
| 008 |
130916s2013 xr acghe 001 m ger |
| 015 |
|
|
|a cnb002498127
|
| 020 |
|
|
|a 978-80-7151-222-6
|q (váz.)
|
| 035 |
|
|
|a (OCoLC)862713190
|
| 040 |
|
|
|a ABA001
|b cze
|
| 041 |
1 |
|
|a ger
|h cze
|
| 043 |
|
|
|a e-xr---
|
| 045 |
|
|
|a x4x4
|
| 072 |
|
7 |
|a 070
|x Noviny. Tisk. Žurnalistika
|2 Konspekt
|9 12
|
| 080 |
|
|
|a (=411.16)-053.2
|2 MRF
|
| 080 |
|
|
|a 808.1-053.2
|2 MRF
|
| 080 |
|
|
|a 72/76.05-053.2
|2 MRF
|
| 080 |
|
|
|a 070.48
|2 MRF
|
| 080 |
|
|
|a 343.819.5
|2 MRF
|
| 080 |
|
|
|a 355.01-053.2
|2 MRF
|
| 080 |
|
|
|a (437.3)
|2 MRF
|
| 080 |
|
|
|a (0:82-9)
|2 MRF
|
| 080 |
|
|
|a (082)
|2 MRF
|
| 245 |
0 |
0 |
|a Ist meine Heimat der Ghettowall?
|b Gedichte, Prosa und Zeichnungen der Kinder von Theresienstadt /
|c [die Verarbeitung und Auswahl aus der Zeitschrift Vedem besorgten] Marie-Rut Křížková, Kurt Jiří Kotouč, Zdeněk Ornest ; mit einem Vorwort von Václav Havel ; [deutsche Übersetzung von Lenka Reinerová]
|
| 260 |
|
|
|a Praha :
|b Aventinum,
|c [2013]
|
| 300 |
|
|
|a 208 s. :
|b il. (některé barev.), portréty, noty, faksim. ;
|c 29 cm
|
| 500 |
|
|
|a Obsahuje rejstříky
|
| 610 |
2 |
7 |
|a Terezín (koncentrační tábor)
|7 kn20010710647
|2 czenas
|
| 630 |
0 |
7 |
|a Vedem (časopis)
|7 unn20201092178
|2 czenas
|
| 648 |
|
4 |
|a 1942-1944
|
| 648 |
|
7 |
|a 1939-1945
|7 ch460653
|2 czenas
|
| 650 |
0 |
7 |
|a židovské děti
|7 ph127997
|z Česko
|y 1939-1945
|2 czenas
|
| 650 |
0 |
7 |
|a literární práce dětí a mládeže
|7 ph118791
|z Česko
|y 1939-1945
|2 czenas
|
| 650 |
0 |
7 |
|a výtvarné práce dětí a mládeže
|7 ph119404
|z Česko
|y 1939-1945
|2 czenas
|
| 650 |
0 |
7 |
|a časopisy
|7 ph116844
|z Česko
|y 1939-1945
|2 czenas
|
| 650 |
0 |
7 |
|a koncentrační tábory
|7 ph121782
|z Česko
|y 1939-1945
|2 czenas
|
| 650 |
0 |
7 |
|a děti a válka
|7 ph194679
|z Česko
|y 1939-1945
|2 czenas
|
| 650 |
0 |
9 |
|a Jewish children
|z Czechia
|y 1939-1945
|2 eczenas
|
| 650 |
0 |
9 |
|a children's and youth's writings
|z Czechia
|y 1939-1945
|2 eczenas
|
| 650 |
0 |
9 |
|a children's and youth's art
|z Czechia
|y 1939-1945
|2 eczenas
|
| 650 |
0 |
9 |
|a journals
|z Czechia
|y 1939-1945
|2 eczenas
|
| 650 |
0 |
9 |
|a concentration camps
|z Czechia
|y 1939-1945
|2 eczenas
|
| 650 |
0 |
9 |
|a children and war
|z Czechia
|y 1939-1945
|2 eczenas
|
| 655 |
|
7 |
|a texty
|7 fd133699
|2 czenas
|
| 655 |
|
7 |
|a sborníky
|7 fd163935
|2 czenas
|
| 655 |
|
9 |
|a texts
|2 eczenas
|
| 655 |
|
9 |
|a miscellanea
|2 eczenas
|
| 787 |
0 |
|
|t Vedem
|
| 700 |
1 |
|
|a Křížková, Marie Rút,
|d 1936-2020
|7 jk01070205
|4 edt
|4 com
|
| 700 |
1 |
|
|a Kotouč, Kurt Jiří,
|d 1928-2008
|7 jn20010309340
|4 edt
|4 com
|
| 700 |
1 |
|
|a Ornest, Zdeněk,
|d 1929-1990
|7 jk01091260
|4 edt
|4 com
|
| 700 |
1 |
|
|a Havel, Václav,
|d 1936-2011
|7 jk01040240
|4 wfw
|
| 910 |
|
|
|a BOA001
|b 4-1310.465
|b KPB-0001.284
|
| 990 |
|
|
|a BK
|
| 995 |
|
|
|a 01
|
| 991 |
|
|
|b 201309
|c NOV
|e n
|
| 996 |
6 |
|
|b 2610562511
|c 4-1310.465
|l MZK
|r Sklad / do 1 hodiny
|n 0
|p p.v.
|w 001362055
|u 000010
|a 1
|e BOA001
|j MZK50
|s P
|